000 00818nam a2200217 i 4500
001 25155
003 ES-MaACL
005 20250903024952.0
007 t|
008 021220s1965 sp ||||1| spa d
100 1 _aApostol, Tom. M.
_922106
245 1 0 _aMatemática básica para técnicos.
_n1,
_pIntroducción, con vectores y geometría analítica /
_cTom M. Apostol ; [versión por Griselda Pascual Xufre...; revisada por el Dr. Enrique Linés Escardó].
260 _aBarcelona, etc. :
_bReverté,
_c1965.
300 _a575 p. :
_bil. ;
_c22 cm.
650 0 7 _aAnálisis matemático
_2embne
_99772
650 4 _aGeometría analítica.
_913100
700 1 _aPascual Xufré, Griselda.
_989404
700 1 _aLinés Escardó, Enrique.
_972434
852 _aES-MaACL
_jP-217-Ter
_bR.56439
999 _c25155
_d25155